00664 2200241 4500001002100000005001700021008004100038020001800079035002400097041000800121043001200129082000800141090001700149100002200166245006900188250001000257260003100267300002400298650005600322700001700378850001200395990001500407YOGYA-0209000004703520090227031340.0 ind  a979-672-137-6 0010-020900000047035 aInd aYOPDYOG a418 aT 418bLun B aLunagi, Andreas G aBahasa Indonesia voor bezoekerscAndreas G. Lunadi & Craig Spiel aCet.1 aYogyakartabKanisiusc1999 a90 hlmbilusc19 cm aBahasa Indonesia - Buku Pelajaran Untuk Orang Asing aSpiel, Craig aYOPDYOG a00P0000650